A-Z: Geography with cryptic clues - Statistics

General Stats
  • This quiz has been taken 10 times
  • The average score is 5 of 26
Answer Stats
Clue Answer % Correct
C Small car nation Central African Republic
63%
L Capital that has been in Mali, Malawi and elsewhere Lima
63%
H You are in cars Honduras
50%
Z Towards German, wealthy city Zurich
50%
A Articles in both directions Athens
25%
M Python comedy tape? Montevideo
25%
O Meditative chant leads to sudden realisation Omaha
25%
P Old airline and a large town Panama City
25%
S Holy man with drinks St. Vincent and the Grenadines
25%
T Jailer loses no bird Turkey
25%
B Gentle loss of gravity Benin
13%
D First day, first night in any time Denver
13%
E The right island for meat riots East Timor
13%
F Strong French value Fort Worth
13%
G Bought chicken burger with a third cut off Gothenburg
13%
J In French I say: are you someone who has a lot? Jerusalem
13%
K Vehicle grave, apparently an animation Khartoum
13%
N Marathon coined in Greek area North Macedonia
13%
Q Quiz con, yet the answer can be derived from it Quezon City
13%
W Chinese language, president and city Wuxi
13%
I Asian nation of Italian football teams Indianapolis
0%
R I'd be into poetry, but I am right at the left bank Riverside
0%
U Rays in last and first letters in Tanzania Uvinza
0%
V Zulu leader, in hospital, Indian city between 6 and 1,000 Vishakhapatnam
0%
X Eleven eating weirdly with no echo Xingtai
0%
Y Tailless rodent bazaar in reversed ray oxygen Yamoussoukro
0%
No matching quizzes found
Score Distribution
Percent of People with Each Score
Percentile by Number Answered
Your Score History
You have not taken this quiz